Kenneth Branagh Movies - Statistics

General Stats
  • This quiz has been taken 13 times
    4 since last reset
  • The average score is 11 of 62
Answer Stats
Year Movie % Correct
2017 Murder on the Orient Express
100%
2020 Artemis Fowl
50%
1998 Celebrity
50%
2001 Conspiracy
50%
1991 Dead Again
50%
2022 Death on the Nile
50%
1994 Frankenstein
50%
1996 Hamlet
50%
2002 Harry Potter and the Chamber of Secrets
50%
1989 Henry V
50%
2000 How To Kill Your Neighbor's Dog
50%
2000 Love's Labour's Lost
50%
2013 Macbeth
50%
1993 Much Ado About Nothing
50%
2011 My Week with Marilyn
50%
1995 Othello
50%
1992 Peter's Friends
50%
2016 Romeo and Juliet
50%
1998 The Gingerbread Man
50%
2000 The Road to El Dorado
50%
2011 Thor
50%
2018 All is True
0%
1995 A Midwinter's Tale
0%
1987 A Month in the Country
0%
2006 As You Like It
0%
2018 Avengers: Infinity War
0%
2021 Belfast
0%
1981 Chariots of Fire
0%
2015 Cinderella
0%
1988 Coming Through
0%
2017 Dunkirk
0%
2019 Fireheart
0%
2022 Fireheart
0%
2004 Five Children and It
0%
1987 High Season
0%
2010 Iron Man 2
0%
2014 Jack Ryan: Shadow Recruit
0%
1989 Look Back in Anger
0%
1987 Lorna
0%
2016 Mindhorn
0%
2023 Oppenheimer
0%
2009 Pirate Radio
0%
2002 Rabbit-Proof Fence
0%
2001 Short6
0%
2007 Sleuth
0%
2000 Spinning Candyfloss
0%
1993 Swing Kids
0%
2020 Tenet
0%
1999 The Book That Wrote Itself
0%
2016 The Entertainer
0%
1987 The Lady's Not for Burning
0%
2006 The Magic Flute
0%
1998 The Proposition
0%
1998 The Theory of Flight
0%
2015 The Winter's Tale
0%
2013 Thor: The Dark World
0%
1983 To the Lighthouse
0%
1988 Twelfth Night, or What You Will
0%
2019 Twisted Tales of Love
0%
2008 Valkyrie
0%
2005 Warm Springs
0%
1999 Wild Wild West
0%
No matching quizzes found
Score Distribution
Percent of People with Each Score
Percentile by Number Answered
Your Score History
You have not taken this quiz since the last reset